Statistics for Players of FIFA 2018 World Cup nations who play in their country's domestic league

Click here to take the quiz!

General Stats

  • This quiz has been taken 195 times
  • The average score is 11 of 16

Answer Stats

HintPercentage of player in domestic leagueAnswer% Correct
Most100%England
94%
Most65%Spain
92%
Most68%Germany
85%
Most95%Russia
78%
Most100%Saudi Arabia
68%
Fewest0Sweden
66%
Most66%Mexico
64%
Most58%Iran
63%
Fewest9%Nigeria
58%
Fewest8%Belgium
57%
Fewest0Croatia
57%
Most59%Tunisia
57%
Fewest0Iceland
54%
Fewest3%Senegal
54%
Fewest10%Switzerland
52%
Fewest8%Serbia
50%

Score Distribution

Percentile by Number Answered

Percent of People with Each Score

Your Score History

You have not taken this quiz